00361nam a2200157Ia 45000010006000000050017000060080041000230410008000640820015000721000019000872450038001062600009001443000034001536500008001876540008001951358620260306164812.0260306t2003||||xx |||||||||||||| ||spa|| aESP a005.1bB26 aBass, LeneAUT 0aSoftware architecture in practice c2003 axxii, 528 páginas :c24 cm. aGEN aCCC